000 00388nam a2200157Ia 4500
008 230917s9999||||xx |||||||||||||| ||und||
040 _e203323
_aMAIN
041 _aEnglish
082 _a931 H595W(2)
100 _aHinsch, Bret
245 0 _aWomen in early imperial China
250 _a2nd ed.
260 _aLanham
_bRowman & Littlefield
_c2011
300 _axi, 239 p.
942 _cBK
999 _c173611
_d173611